Géographie et corps humain - Statistiques

Statistiques générales
  • Ce quiz a été pris 300 fois
  • Le résultat moyen est 10 sur 24
Statistiques - réponses
Hint Réponse % Correct
République dominic.... aine
97%
...... d'Arcachon bassin
85%
Ancienne région française ------ doc-Roussillon langue
68%
Pays d'Asie du Sud : --- pal nez
65%
---- d'Or côte
62%
....-Francisco sang
60%
.......-du-Rhône Bouches
58%
------ du Verdon gorges
52%
--tralie os
52%
Nation constitutive du Royaume-Uni : Pays-de- ---- gale
50%
Haut- ---- rein
44%
Ile de ....(Bretagne) Sein
40%
Gare de Massy- ------eau palais
36%
Ville des Alpes-Maritimes proche de Monaco Menton
33%
Le fjord en est un : ---- de mer bras
32%
Ville du Maroc fesse
32%
A Paris : ..... Saint-Martin canal
31%
Station balnéaire du Calvados : ----streham ouie
26%
Ville près de Versailles ---- y en-Josas joue
25%
Ville de l'Ariège foie
21%
Ville qui doit sa renommée aux impressionnistes ......sur-Oise ovaire
11%
Ville près de Marseille : ----- Le-Rouet carie
10%
Département de Nouvelle-Aquitaine : ------ et-Garonne glotte
9%
La ....... (commune limitrophe de Grenoble) Tronche
6%
Aucun quiz correspondant
Distribution des résultats
% des personnes avec chaque résultat
Percentile par nombre de réponses
Votre historique - résultats
Vous n’avez pas pris ce quiz